Responses for show #127 - Tuesday, March 5, 1985

Bruce Fauman game 4.

Contestants

Laurel Schwartz, an art gallery manager originally from Pittsburgh, Pennsylvania

Avie Hern, a student originally from Peekskill, New York

Bruce Fauman, a university administrator and professor from Vancouver, British Columbia (whose 3-day cash winnings total $33,699)

Jeopardy! Round responses

WILD WEST
FOODS
ZOOLOGY
TRAVEL & TOURISM
TELEVISION
SUDDEN DEATH
(Alex: Sounds ominous.)
    $100 10
(Laurel: Who was Jesse James?)

Billy the Kid

BruceLaurel
    $100 1
cole slaw

Bruce
    $100 16
(Bruce: What is a lion?
(Alex: The kitten roars for MTM, MGM has the lion.)

a pussycat

BruceAvie
    $100 12
bed & breakfasts

Bruce
    $100 5
(Alex: A new series this past season.)

emergency room

Laurel
    $100 22
Valentino

Laurel
    $200 11
(Bruce: [No response])
(Alex: Slang word for cowboy? From the Spanish vaquero? (in an accent): What say, y'all [*]s? That's where [*] comes from. Bruce, select again.)
(Bruce: Obviously it's the wrong category for me.)

buckaroo

Bruce
Triple Stumper
    $200 2
Crêpes Suzette

Bruce
    $200 17
gorillas

Bruce
    $200 13
the Pacific Princess

Bruce
    $200 6
Beretta

Bruce
    $200 23
Monday

Bruce
    $300 3
(Bruce: What is bean soup?)
(Alex: Be more specific.)

Navy bean soup

Bruce
    $300 18
(Bruce: What is the elephant?)
(Avie: What is man?)

the tortoise

BruceAvie
Triple Stumper
    $300 14
Masada

Bruce
    $300 8
(Bruce: What is The Universe?)

Cosmos

BruceAvie
    $900 24
(Bruce: What is Breathless?)
(Alex: Oh, no. All of the pop music fans and the Olivia Newton-John fans out there will know that that was one of her big hits, [*].)
(The end-of-round signal plays.)
(Alex: So you're back to zero, but you're in control of the board, but it will do you no good, since that sound means you're all out of Jeopardy!, and Avie, you're all alone in first place and your opponents have nothing. That should make you feel good.)

heart attack

Bruce
    $400 4
Earl of Sandwich

Avie
    $400 20
(Alex: With less than a minute to go in the round.)

ornithology

Laurel
    $400 15
Italy

Avie
    $400 9
Steve Allen

Bruce
    $500 7
(Bruce: What are mana & nectar?)
(Laurel: What is mead?)
(Avie: What is ambrosia?)
(Alex: Be more specific.)
(Avie: What are [*]?)
(Alex: Those are the two we were going for, yes, indeed!)

nectar & ambrosia

BruceAvieLaurel
    $500 19
(Laurel: What is "eat it"?)
(Bruce: What is sing to it, or dance to the song?)
(Alex: I think that's close enough. It is music, it is national music of Portugal.)

sing it, or dance to it

BruceLaurel
    $500 21
(Bruce: Who is...?)
(Alex: He plays Officer Bobby Hill.)

Michael Warren

BruceLaurel

Scores at the first commercial break (after clue 10):

Bruce Avie Laurel
$500 $1,200 -$500

Scores at the end of the Jeopardy! Round:

Bruce Avie Laurel
$0 $1,400 $0

Double Jeopardy! Round responses

CLASSICAL MUSIC
RELIGION
STARTS WITH "L"
COLLEGES
FRENCH REVOLUTION
MOVIE TRIVIA
    $200 7
the conductor

Bruce
    $200 20
Sinai

Bruce
    $200 17
the lesser

Bruce
    $200 6
Georgia Tech

Bruce
    $200 12
A Tale of Two Cities

Bruce
    $200 4
Mary Tyler Moore

Bruce
    $400 8
A Night at the Opera

Bruce
    $400 21
Knute Rockne

Bruce
    $400 18
(Alex: When you're hot, you're hot.)

a lake

Bruce
    $400 5
(Laurel: What is Howard University?)

Tuskegee Institute

BruceLaurel
    $400 13
(Alex: C'est bien ça.)

Marie Antoinette

Bruce
    $400 23
[The end-of-round signal sounds.]

Claudette Colbert's leg

Bruce
    $600 9
Ludvig von Beethoven

Triple Stumper
    $600 22
(Bruce: What is conservatism?)
(Avie: What is, um, um, um, uh, oh, *timer sounds* uh, Hasidism?)
(Alex: Oh, no.)

Reform

BruceAvie
Triple Stumper
    $2,500 19
(Bruce: [No response])
(Alex: We've got less than a minute to go in the round. Make a selection.)

Lillie Langtry

Bruce
    $600 1
[NOTE: Bruce was awarded first selection by virtue of having given the most recent correct response.]
(Alex: They turned them down, by the way.)

Vassar

Bruce
    $600 14
(Bruce: What is the royal court?)

tennis court

Bruce
Triple Stumper
    $800 10
(Franz Josef) Haydn

Bruce
    $800 2
(Laurel: What is Alabama?)

Ohio

BruceLaurel
    $800 15
the Reign of Terror

Bruce
    $1000 11
(Alex: We would know it better as a [*].)

a scherzo

Triple Stumper
    $1000 3
a deaf student

Laurel
    $1,000 16
(Bruce: "[*]. What is [*]?)

"I survived".

Bruce

Scores at the end of the Double Jeopardy! Round:

Bruce Avie Laurel
$3,900 $800 -$200
(lock game)

[wagering suggestions for these scores]

Final Jeopardy! Round responses

BODIES OF WATER
(Alex: I wonder if Veronica Lake would qualify.)
AvieWhat is Lake Ontario?
$799
BruceWhat is Lake Ontario?
$2,299
Lake Ontario

Final scores:

Bruce Avie Laurel
$6,199 $1,599 -$200
4-day champion: $39,898 2nd place: a bedroom suite from Armstrong and a bedroom ensemble from Dakotah 3rd place: his & hers watches from Jules Jurgensen

Game dynamics:

Coryat scores:

Bruce Avie Laurel
$7,300 $800 -$200
29 R
(including 1 DD),
10 W
(including 2 DDs)
5 R,
2 W
5 R,
5 W

Combined Coryat: $7,900

The J! Archive is created by fans, for fans. The Jeopardy! game show and all elements thereof, including but not limited to copyright and trademark thereto, are the property of Jeopardy Productions, Inc. and are protected under law. This website is not affiliated with, sponsored by, or operated by Jeopardy Productions, Inc. Join the discussion at JBoard.tv.